|
|
|
|
| LEADER |
00652nam a22002051a 4500 |
| 020 |
|
|
|a 9788170943723
|c 0.00
|
| 040 |
|
|
|a SSUS - Library - Kalady
|
| 082 |
|
|
|a H3 (ITr.)
|b KHU/A
|
| 100 |
|
|
|a Khushwant Singh
|
| 245 |
|
|
|a Auratein
|h [Text]
|
| 260 |
|
|
|a New Delhi
|b Vision Books
|c 1999
|
| 300 |
|
|
|a 255p.
|
| 600 |
|
|
|a Novel Hindi
|
| 600 |
|
|
|a Literature Hindi
|
| 600 |
|
|
|a Literature
|
| 600 |
|
|
|a Novel Translation English
|
| 852 |
|
|
|h H3 (ITr.)
|i KHU/A
|p 017387
|9 250.00
|t 0
|
| 942 |
|
|
|c BK
|
| 999 |
|
|
|c 3649
|d 3649
|
| 952 |
|
|
|0 0
|1 0
|4 0
|6 H_3_000000000000000_ITR__KHU_A
|7 0
|9 5616
|a SSUS
|b SSUS
|d 2015-01-08
|g 250.00
|o H3 (ITr.) KHU/A
|p 017387
|r 2015-01-08
|v 0.00
|w 2015-01-08
|y BK
|